Movies Quiz

Random Movies or Animation Quiz

Disney Couple's First Meeting Quiz Stats

 Plays Quiz Updated Jun 8, 2018

Challenge
Share
Tweet
Score 0/14 Timer 02:00
0 Plays Today
% Correct
Ariel and Eric
94.2%
Cinderella and Prince Charming
94.1%
Tarzan and Jane
93.3%
Aladdin and Jasmine
91.2%
Rapunzel and Flynn
89.7%
Belle and Beast
89%
Mulan and Shang
87.8%
% Correct
Esmeralda and Phoebus
85.4%
Anna and Kristoff
76.9%
Snow White and Prince
75.7%
Lady and the Tramp
72.4%
Pongo and Perdita
70.2%
Bernard and Miss Bianca
60.7%
Dr. Doppler and Captain Amelia
50.3%

You're not logged in!

Compare scores with friends on all Sporcle quizzes.
Join for Free
OR
Log In

You Might Also Like...

Show Comments

Extras

Top Quizzes Today


Score Distribution

Your Account Isn't Verified!

In order to create a playlist on Sporcle, you need to verify the email address you used during registration. Go to your Sporcle Settings to finish the process.

Report this User

Report this user for behavior that violates our Community Guidelines.

Details: